Places To Study
There are group study rooms, individual study carrels, computer labs, and other spaces to study in the Libraries.
Reserve A Group Room| 000 -LEADER | |
|---|---|
| fixed length control field | 00689nam a22002297a 4500 |
| 003 - CONTROL NUMBER IDENTIFIER | |
| control field | OSt |
| 005 - DATE AND TIME OF LATEST TRANSACTION | |
| control field | 20251222083033.0 |
| 008 - FIXED-LENGTH DATA ELEMENTS--GENERAL INFORMATION | |
| fixed length control field | 251222b |||||||| |||| 00| 0 eng d |
| 020 ## - INTERNATIONAL STANDARD BOOK NUMBER | |
| International Standard Book Number | 9788120832800 |
| 040 ## - CATALOGING SOURCE | |
| Transcribing agency | DCL |
| 041 ## - LANGUAGE CODE | |
| Language code of text/sound track or separate title | English |
| 082 ## - DEWEY DECIMAL CLASSIFICATION NUMBER | |
| Classification number | 294.35 |
| 100 1# - MAIN ENTRY--PERSONAL NAME | |
| Personal name | Kalupahana, David J., |
| Dates associated with a name | 1933- |
| 245 00 - TITLE STATEMENT | |
| Title | Ethics in early Buddhism / |
| Statement of responsibility, etc. | David J. Kalupahana. |
| 250 ## - EDITION STATEMENT | |
| Edition statement | |
| 260 ## - PUBLICATION, DISTRIBUTION, ETC. | |
| Place of publication, distribution, etc. | Honolulu : |
| Name of publisher, distributor, etc. | University of Hawaiʻi Press, |
| Date of publication, distribution, etc. | c1995. |
| 300 ## - PHYSICAL DESCRIPTION | |
| Extent | ix,171 pages : |
| Dimensions | 22 cm. |
| 490 ## - SERIES STATEMENT | |
| Series statement | The Wheel Publication ; |
| Volume/sequential designation | no. 14. |
| 500 ## - GENERAL NOTE | |
| General note | Includes bibliographical references (p. 163-166) and index |
| 650 ## - SUBJECT ADDED ENTRY--TOPICAL TERM | |
| Topical term or geographic name entry element | Ethics |
| General subdivision | Buddhism |
| 942 ## - ADDED ENTRY ELEMENTS (KOHA) | |
| Source of classification or shelving scheme | Dewey Decimal Classification |
| Koha item type | Short Term |
| Suppress in OPAC | No |
| Withdrawn status | Lost status | Source of classification or shelving scheme | Damaged status | Not for loan | Collection | Accession No. | Home library | Current library | Shelving location | Date acquired | Total checkouts | Full call number | Barcode | Date last seen | Price effective from | Koha item type |
|---|---|---|---|---|---|---|---|---|---|---|---|---|---|---|---|---|
| Dewey Decimal Classification | English Collection | 658 | Dhammadhara | Dhammadhara | English Shelves | 22/12/2025 | 294.35 Ka 658 | EB00000658 | 22/12/2025 | 22/12/2025 | Short Term |